Ing. Jiří Kohout, ...

Bibliographic Details
Format: Article
Language:Slovak
Czech
ISSN:0016-7096
Subjects:

MARC

LEADER 00000nab a2200000 a 4500
001 vtls000766225
003 SK-MaSNL
005 20260304121430.0
008 250429c xo 0 slo
015 |a SNBRB2001/08-24559 
035 |a CLN000118012 
035 |a (urnnbn)urn:nbn:sk:snk:ar-00715b 
035 |a (uuid)f4eb05aa-64dc-49ef-9816-61eb2023b0e9 
035 |a urn:nbn:sk:snk-ab89wy 
040 |a SNKBUCL  |b slo  |c SNKBUCL  |e AACR2 
041 0 |a cze 
044 |a xo  |c SK 
080 |a 528-051  |2 1997 
080 |a 929 Kohout, Jiří  |2 1997 
245 0 0 |a Ing. Jiří Kohout, ... 
600 1 7 |a Kohout, Jiří,  |d 1941-  |2 snkbucl  |9 21307 
655 7 |a články z novín a časopisov  |2 snkbucl  |9 267496 
773 0 |t Geodetický a kartografický obzor  |g Roč. 47 (89), č. 7 (2001), s. 163-164  |x 0016-7096 
850 |a Slovenská národná knižnica 
852 |a Slovenská národná knižnica 
954 |a odborná, vedecká literatúra cudzojazyčná (svetová)  |2 lita 
958 |a article9 
958 |a OND 
958 |a BC 
958 |a CZ 
958 |a EUIPO 
992 |a RBX 
999 |c 2885053  |d 2886983